Geriatría y Gerontología
Tallennettuna:
| Päätekijä: | |
|---|---|
| Aineistotyyppi: | Kirja |
| Kieli: | espanja |
| Julkaistu: |
Santiago
PUC
2005
|
| Painos: | 3a. ed |
| Sarja: | Lecciones
|
| Aiheet: | |
| Tagit: |
Lisää tagi
Ei tageja, Lisää ensimmäinen tagi!
|
MARC
| LEADER | 00000cam a2200000 a 4500 | ||
|---|---|---|---|
| 001 | UCD4922 | ||
| 003 | CL-VaPUC | ||
| 008 | 160731e20050000cl |||||||||||||||||spa|d | ||
| 020 | |a 9561408953 | ||
| 082 | 0 | 4 | |a 618.97 |b MAR |2 21 |
| 100 | |a Marín L., Pedro Paulo |e autor |9 588637 | ||
| 245 | 1 | 0 | |a Geriatría y Gerontología |
| 250 | |a 3a. ed | ||
| 300 | |a 410 p | ||
| 942 | |c BK | ||
| 945 | |d 20160731 21:25:00 |a dcastane | ||
| 260 | |a Santiago |b PUC |c 2005 | ||
| 650 | 0 | |a Geriatría |9 309798 | |
| 650 | 7 | |a GERONTOLOGIA |2 CL-VaPUC |9 309824 | |
| 583 | |a last modification |c 20160731 21:25:00 |k Rodrigo Vera | ||
| 490 | 0 | |a Lecciones | |
| 999 | |c 365712 |d 365710 | ||